Normal view MARC view

Entry Meeting Name

Number of records used in: 1

001 - CONTROL NUMBER

  • control field: 17685

003 - CONTROL NUMBER IDENTIFIER

  • control field: OSt

005 - DATE AND TIME OF LATEST TRANSACTION

  • control field: 20211105134210.0

008 - FIXED-LENGTH DATA ELEMENTS

  • fixed length control field: 211105|| aca||aabn | a|a d

040 ## - CATALOGING SOURCE

  • Original cataloging agency: OSt
  • Transcribing agency: OSt

111 ## - HEADING--MEETING NAME

  • Meeting name or jurisdiction name as entry element: Symposium in Celebration of the Fiftieth Anniversary of McDonald Observatory
  • Location of meeting: Austin
  • Date of meeting or treaty signing: 1989

670 ## - SOURCE DATA FOUND

  • Source citation: Work cat.: (OSt): Symposium in Celebration of the Fiftieth Anniversary of McDonald Observatory Austin 1989, Frontiers of stellar evolution, 1991

Powered by Koha